MARC

LEADER 00000nam0a2200000 4500
001 259387
005 20231101233401.0
010 |a 5020137529 
035 |a (RuTPU)RU\TPU\book\282329 
090 |a 259387 
100 |a 20140508d1988 k y0rusy50 ca 
101 0 |a rus 
102 |a RU 
105 |a a z 001zy 
200 1 |a Весовые функциональные пространства и спектр дифференциальных операторов  |f К. Т. Мынбаев, М. О. Отелбаев 
210 |a Москва  |c Наука  |d 1988 
215 |a 288 с.  |c ил. 
320 |a Библиогр.: с. 262-276. 
320 |a Предметный указатель: с. 277-281. 
606 1 |a Операторы, теория  |x (математика)  |2 stltpush  |3 (RuTPU)RU\TPU\subj\47033  |9 66101 
610 1 |a дифференциальные операторы 
610 1 |a спектр 
610 1 |a функциональные пространства 
610 1 |a компактность 
610 1 |a непрерывные функции 
610 1 |a аппроксимация 
610 1 |a уравнения Штурма-Лиувилля 
610 1 |a финитные функции 
675 |a 517.98  |v 3 
700 1 |a Мынбаев  |b К. Т.  |g Кайрат Турысбекович 
701 1 |a Отелбаев  |b М. О.  |g Мухтарбай Отелбаевич 
801 1 |a RU  |b 63413507  |c 20140508 
801 2 |a RU  |b 63413507  |c 20150130  |g RCR 
942 |c BK